Tướng Navarre với trận Điện Biên Phủ
v...v
Đã lưu trong:
| Tác giả chính: | |
|---|---|
| Định dạng: | Sách |
| Ngôn ngữ: | Vietnamese |
| Năm xuất bản: |
Tp.Hồ Chí Minh.
Công an Nhân dân
2004
|
| Chủ đề: | |
| Tags: |
Thêm thẻ
Không có thẻ, Hãy là người đầu tiên gắn thẻ bản ghi này!
|
| LEADER | 01162cam a22002894a 4500 | ||
|---|---|---|---|
| 001 | 14733812 | ||
| 005 | 20161004100311.0 | ||
| 008 | 051121s2005 vm ab b 000 0 vie | ||
| 040 | |a DLC |c DLC | ||
| 042 | |a lcode | ||
| 043 | |a a-vt--- | ||
| 082 | |a 959.7041 |b P400U | ||
| 100 | |a POUGET, JEAN | ||
| 245 | 0 | 0 | |a Tướng Navarre với trận Điện Biên Phủ |c Jean Pouget; Lê Kim dịch |
| 260 | |a Tp.Hồ Chí Minh. |c 2004 |b Công an Nhân dân | ||
| 300 | |a 527tr. |c 19 cm | ||
| 520 | |a v...v | ||
| 653 | |a Lịch sử | ||
| 653 | |a Tướng Navarre | ||
| 653 | |a Chiến dịch Điện Biên Phủ | ||
| 653 | |a Việt Nam | ||
| 906 | |a 7 |b cbc |c origode |d 3 |e ncip |f 20 |g y-gencatlg | ||
| 942 | |2 ddc |c STK0 | ||
| 955 | |a wj31 2006-05-08 to wj07 |c wj07 2007-02-14 to RCCD | ||
| 999 | |c 2874 |d 2874 | ||
| 952 | |0 0 |1 0 |2 ddc |4 0 |6 959_704100000000000_P400U |7 1 |8 900 |9 33651 |a qbu |b qbu |c D5 |d 2014-12-15 |g 58000 |o 959.7041 P400U |p 4038.C1 |r 0000-00-00 |w 2014-12-15 |y STK0 |0 0 |6 959_704100000000000_P400U | ||
| 952 | |0 0 |1 0 |2 ddc |4 0 |6 959_704100000000000_P400U |7 0 |8 900 |9 33652 |a qbu |b qbu |c D5 |d 2014-12-15 |g 58000 |o 959.7041 P400U |p 4038.C2 |r 0000-00-00 |w 2014-12-15 |y STK0 |0 0 |6 959_704100000000000_P400U | ||